Christian Denominations: Requirements to become a leader - Statistics

General Stats
  • This quiz has been taken 57 times
  • The average score is 4 of 18
Answer Stats
Hint Answer % Correct
Amish Male and Amish
81%
Mennonites Mennonite, female or male, and six phases
48%
Orthodox Male, seminary
38%
Quakers None
38%
Lutherans (very specific) Ministry school. Evangelical allows women and gays. Wisconsin and Missouri only allow men
33%
Baptists Elders are pastors and deacons are leaders. Male only in some churches
24%
Shakers None
19%
Christian Science None
19%
Salvation Army Pastors are elected, can only serve till 68. Female or male.
14%
Seventh-Day Adventists Spirituality, humility, integrity, and education
14%
Unitarian Universalists A Masters in Divinity
10%
Congregationalists None
10%
Pentecostals None
10%
Mormons Male
5%
Presbyterians Married, female or male, and four phases
5%
Episcopalians Seminary
5%
Methodists Seminary
5%
Jehovah’s Witnesses Have to be an elder, male and educated
0%
No matching quizzes found
Score Distribution
Percent of People with Each Score
Percentile by Number Answered
Your Score History
You have not taken this quiz